000 00422nam a22001457a 4500
082 _a516.6
_bGRA
_cL-2, P-17
100 _aGrant, Hiram E.
_939414
245 _aPractical descriptive geometry
_cGrant, Hiram E.
260 _aUSA
_bThe maple press company
_c1952
300 _avii, 253 p.:
_bill.;
526 _a0
_b0
_c0
_d516_600000000000000_GRA
650 _aMCE
_9379
700 _aGrant, Hiram E.
_939414
942 _2ddc
_cBK
999 _c543911
_d543911